00549nam a2200181Ia 4500008004000000020001500040082001600055100002300071245003400094250000500128260004000133300001000173650002300183690001200206906001100218999001700229952012100246210210b1990 xxu||||| |||| 00| 0 eng d a8170413516 a591.51 SINT aSINGH (Harjindra). aTextbook of animal behaviour. a aNew DelhibAnmol Publicationsc1990 ax,293 aAnimal Behaviour  aZoology a047262 c96056d96056 001040708BiologyaALbALcBiologyd2021-02-17g40.00l0o591.51 SINTp047262r2021-02-17 00:00:00w2021-02-17yBK